Los impactos de la inteligencia artificial en el rol del contador público / (Registro nro. 3396)

Detalles MARC
000 -LEADER
fixed length control field 02453nam a2200265 i 4500
005 - DATE AND TIME OF LATEST TRANSACTION
control field 20250329165423.0
007 - PHYSICAL DESCRIPTION FIXED FIELD--GENERAL INFORMATION
fixed length control field ta
008 - FIXED-LENGTH DATA ELEMENTS--GENERAL INFORMATION
fixed length control field 200622s2024 000 0 eng d
040 ## - CATALOGING SOURCE
Original cataloging agency CO-CtgCURN
Language of cataloging spa
Transcribing agency coctgcurn
Description conventions rda
082 0# - DEWEY DECIMAL CLASSIFICATION NUMBER
Classification number COP 2024
Item number M534
100 1# - MAIN ENTRY--PERSONAL NAME
Personal name Mena Ruiz, Daniela Paola,
Relator term author.
Relationship aut
245 14 - TITLE STATEMENT
Title Los impactos de la inteligencia artificial en el rol del contador público /
Statement of responsibility, etc. Daniela Paola Mena Ruiz; Director: Kenneth Licona.
260 ## - PUBLICATION, DISTRIBUTION, ETC.
Place of publication, distribution, etc. Cartagena de Indias :
Name of publisher, distributor, etc. Corporación Universitaria Rafael Núñez,
Date of publication, distribution, etc. 2024.
300 ## - PHYSICAL DESCRIPTION
Extent 16 hojas.
336 ## - CONTENT TYPE
Content type term text
Content type code txt
Source rdacontent
337 ## - MEDIA TYPE
Media type term unmediated
Media type code n
Source rdamedia
338 ## - CARRIER TYPE
Carrier type term volume
Carrier type code nc
Source rdacarrier
502 ## - DISSERTATION NOTE
Dissertation note Trabajo de grado (Contador público). Corporación Universitaria Rafael Núñez. Facultad de Ciencias Administrativas y Contables. Programa de Contaduría Pública, 2024.
520 8# - SUMMARY, ETC.
Summary, etc. "La inteligencia artificial (IA) está transformando la tecnología de la información en diversas áreas, incluida la contabilidad. En contabilidad, la IA se utiliza para automatizar tareas repetitivas, como la clasificación de transacciones, el análisis de datos financieros y la detección de fraudes. Esto libera a los profesionales contables para centrarse en análisis más estratégicos y decisiones de mayor nivel. Además, la IA puede mejorar la precisión y la velocidad del procesamiento de datos, lo que lleva a una contabilidad más eficiente y precisa. Además, la IA en contabilidad también puede ayudar en la predicción de tendencias financieras, la optimización de procesos contables y la personalización de servicios para los clientes. Al aprovechar técnicas como el aprendizaje automático y el procesamiento del lenguaje natural, las empresas pueden obtener información valiosa de grandes volúmenes de datos financieros, lo que les permite tomar decisiones más informadas y estratégicas. En resumen, la IA está revolucionando la contabilidad al mejorar la eficiencia, la precisión y la capacidad de análisis de los profesionales contables"
650 #0 - SUBJECT ADDED ENTRY--TOPICAL TERM
Topical term or geographic name entry element Contaduría pública
General subdivision Tesis y disertaciones académicas.
700 1# - ADDED ENTRY--PERSONAL NAME
Personal name Licona, Kenneth,
Titles and other words associated with a name asesor.
856 7# - ELECTRONIC LOCATION AND ACCESS
Uniform Resource Identifier <a href="https://unicurn.sharepoint.com/:b:/s/biblioteca/EYWUNEwa8BFElNP7SKd0c2sBMJDZV8KPFT-09sFFRRwejg?e=bslTfm">https://unicurn.sharepoint.com/:b:/s/biblioteca/EYWUNEwa8BFElNP7SKd0c2sBMJDZV8KPFT-09sFFRRwejg?e=bslTfm</a>
Public note Click para ver el recurso en texto completo
942 ## - ADDED ENTRY ELEMENTS (KOHA)
Source of classification or shelving scheme Dewey Decimal Classification
Institution code [OBSOLETE] MHC
-- MHC
Koha item type Trabajos de grado
Classification part COP 2024
Item part M534
Existencias
Withdrawn status Lost status Source of classification or shelving scheme Damaged status Not for loan Collection Home library Current library Shelving location Date acquired Total checkouts Full call number Barcode Date last seen Price effective from Koha item type
    Dewey Decimal Classification     Trabajos de grado Miguel Henríquez Castañeda Miguel Henríquez Castañeda Trabajo de grado 03/29/2025   COP 2024 M534 025341 03/29/2025 03/29/2025 Trabajos de grado